00587nam a2200241Ia 4500003000400000005001700004008004100021020001800062040000700080041001200087082001800099100002000117245003200137250000600169260003500175300001700210365001400227650001800241650002000259700002100279700002500300700002000325OSt20250927160409.0210423s2002 xx 000 0 und d a9780071130981 cAL aEnglish a305.24b PAPA aDiane E Papalia aAdult development and aging a2 aBostonbTata McGraw-hillc2002 axiii,594bPB b1223cINR aSocial Groups aSocial Sciences aSterns, Harvey L aFeldman, Ruth Duskin aCamp, Cameron J